| 000 | 00401nam a2200157Ia 4500 | ||
|---|---|---|---|
| 008 | 230524s9999 xx 000 0 und d | ||
| 082 |
_a658.4 _bSON |
||
| 100 | _aC.N.Sontakki | ||
| 245 | 0 | _aStrategic Management and Entrepreneurship :Text & Cases | |
| 250 | _aIST | ||
| 260 |
_aLUDHIANA _bKalyani _c2010 |
||
| 300 | _aIV;271 | ||
| 500 | _aQuantity Number: 5 | ||
| 650 | _aManagement | ||
| 942 | _cBK | ||
| 999 |
_c46699 _d46699 |
||